| 000 | 00527nam a22001697a 4500 | ||
|---|---|---|---|
| 999 |
_c41029 _d41029 |
||
| 003 | OSt | ||
| 005 | 20210707120556.0 | ||
| 008 | 210226b ||||| |||| 00| 0 eng d | ||
| 020 | _a9780743255066 | ||
| 040 | _coclc | ||
| 082 |
_a973.3092 _bFRA/A |
||
| 100 |
_98495 _aFranklin, Benjamin |
||
| 245 |
_aThe Autobiography Of Benjamin Franklin / _cBenjamin Franklin |
||
| 260 |
_aNew york: _bMacmillan Publishing Co. inc , _c2004. |
||
| 300 | _a143p | ||
| 942 |
_2ddc _cBK _iFRA/A _k973.3092 _mFRA/A _h973.3092 |
||